000 00245 a2200097 4500
001 15039
100 _aGibbs H
245 _aThe hills of India
260 _aLondon Sydney Melbourne Wellington
_bJurrolds publishers ltd
_c
090 _c11794
_d11794
942 _aNUST-CAE
_cM
_c1996
999 _c250112
_d250112